书目信息 |
| 题名: |
三峡库区典型小流域非点源污染研究
|
|
| 作者: | 黄志霖 著 | |
| 分册: | ||
| 出版信息: | 北京 中国环境科学出版社 2012.12 |
|
| 页数: | 225页 | |
| 开本: | 23cm | |
| 丛书名: | ||
| 单 册: | ||
| 中图分类: | S727.28 | |
| 科图分类: | ||
| 主题词: | 三峡水利工程--生态环境--环境保护--水库岸防护林--研究 , 三峡水利工程 , 生态系统 , 环境保护 , 水库岸防护林 | |
| 电子资源: | ||
| ISBN: | 978-7-5111-0708-4 | |
| 000 | 01238nam0 2200301 450 | |
| 001 | 010700145183 | |
| 005 | 20130701093953.96 | |
| 010 | @a978-7-5111-0708-4@dCNY48.00 | |
| 100 | @a20130305d2012 em y0chiy50 ea | |
| 101 | 0 | @achi |
| 102 | @aCN@b110000 | |
| 105 | @aafk z 000yy | |
| 106 | @ar | |
| 200 | 1 | @a三峡库区典型小流域非点源污染研究@9san xia ku qu dian xing xiao liu yu fei dian yuan wu ran yan jiu@e基于GIS与AnnAGNPS模型@f黄志霖[等]著 |
| 210 | @a北京@c中国环境科学出版社@d2012.12 | |
| 215 | @a225页@c图,图版(2页)@d23cm | |
| 300 | @a“十二五”国家科技支撑计划项目“长江流域防护林体系整体优化及调控技术研究”(2011BAD38B04)资助 中央级公益性科研院所基本科研业务费专项资金(CAFRIFEEP200902)资助 | |
| 330 | @a本书共分为九章,主要内容包括:非点源污染及其研究概述、AnnAGNPS模型、AnnAGNPS模型在三峡库区典型小流域的应用、AnnAGNPS模型的应用评价等。 | |
| 517 | 1 | @a基于GIS与AnnAGNPS模型@9ji yu GIS yu AnnAGNPS mo xing |
| 606 | 0 | @a三峡水利工程@x生态环境@x环境保护@x水库岸防护林@x研究 |
| 606 | 0 | @a三峡水利工程 |
| 606 | 0 | @a生态系统 |
| 606 | 0 | @a环境保护 |
| 606 | 0 | @a水库岸防护林 |
| 690 | @aS727.28@v5 | |
| 701 | 0 | @a黄志霖@9huang zhi lin@4著 |
| 801 | 0 | @aCN@b人天书店@c20130305 |
| 905 | @b546065-69@dS727.28@e59@f5 | |
| 三峡库区典型小流域非点源污染研究:基于GIS与AnnAGNPS模型/黄志霖[等]著.-北京:中国环境科学出版社,2012.12 |
| 225页:图,图版(2页);23cm |
| “十二五”国家科技支撑计划项目“长江流域防护林体系整体优化及调控技术研究”(2011BAD38B04)资助 中央级公益性科研院所基本科研业务费专项资金(CAFRIFEEP200902)资助 |
| ISBN 978-7-5111-0708-4:CNY48.00 |
| 本书共分为九章,主要内容包括:非点源污染及其研究概述、AnnAGNPS模型、AnnAGNPS模型在三峡库区典型小流域的应用、AnnAGNPS模型的应用评价等。 |
| ● |
| 相关链接 |
|
|
|
|
正题名:三峡库区典型小流域非点源污染研究
索取号:S727.28/59
 
预约/预借
| 序号 | 登录号 | 条形码 | 馆藏地/架位号 | 状态 | 备注 |
| 1 | 546065 | 205460650 | 第二样本阅览室/ [索取号:S727.28/59] | 在馆 | |
| 2 | 546066 | 205460669 | 第三借阅区/ [索取号:S727.28/59] | 在馆 | |
| 3 | 546067 | 205460678 | 第三借阅区/ [索取号:S727.28/59] | 在馆 | |
| 4 | 546068 | 205460687 | 第三借阅区/ [索取号:S727.28/59] | 在馆 | |
| 5 | 546069 | 205460696 | 第三借阅区/ [索取号:S727.28/59] | 在馆 |